000 00889nas a2200241 4500
001 BR8701382
003 BR-BrBNA
005 20231205090609.0
007 ta
008 230509b bl.|||p| |||| 00| 00por d
040 _aBR-BrBNA
_bpor
_cBiblioteca Nacional de Agricultura
041 _a(Pt)
072 _aH10
100 1 _aBressan, D.A.
100 1 _aSantos, H.R. dos
245 1 _aAvaliacao da densidade, viabilidade e do parasitismo em pupas de Adeloneivaia subangulata (Herrich-schaffer, 1855)travassos, 1940 (Lepidoptera, Attacidae)em povoamentos de Acacia mearnsii (de Wil)[acacia negra, Lepidoptero, Rio Grande do Sul, Brasil]
650 _aLEPIDOPTERO
650 _aACACIA NEGRA
650 _aPARASITO DE PLANTA
773 0 _tFloresta (Brazil)
_xISSN 0015-3826
_g(1985), v. 15(1-2) p. 38-42
_wBR8701382
909 _a202311
_bLúcia
_c55
_dLúcia Elande
942 _2AGRIS
_n0
_cANA
999 _c119624
_d119624